Pokemones con formas regionales - Estadísticas

Estadísticas generales
  • Esta prueba ha sido intentada 188 veces
    171 desde el último reinicio
  • La puntuación promedio es 24 de 54
Estadísticas de respuestas
Region Pokemon % Correcto
053 Alola Persian
87%
052 Alola/Galar Meowth
86%
037 Alola Vulpix
84%
038 Alola Ninetales
81%
026 Alola Raichu
76%
028 Alola Sandslash
72%
027 Alola Sandshrew
69%
020 Alola Raticate
66%
019 Alola Rattata
66%
103 Alola Exeggutor
61%
059 Hisui Arcanine
60%
058 Hisui Growlithe
57%
078 Galar Rapidash
56%
101 Hisui Electrode
55%
077 Galar Ponyta
55%
051 Alola Dugtrio
54%
100 Hisui Voltorb
54%
050 Alola Diglett
53%
105 Alola Marowak
53%
089 Alola Muk
50%
088 Alola Grimer
49%
074 Alola Geodude
48%
076 Alola Golem
48%
075 Alola Graveler
48%
128 Paldea Tauros
47%
503 Hisui Samurott
45%
110 Galar Weezing
45%
144 Galar Articuno
41%
146 Galar Moltres
41%
145 Galar Zapdos
41%
157 Hisui Typhlosion
40%
724 Hisui Decidueye
39%
263 Galar Zigzagoon
36%
194 Paldea Wooper
35%
215 Hisui Sneasel
33%
122 Galar Mr Mime
32%
628 Hisui Braviary
31%
083 Galar Farfetch'd
31%
080 Galar Slowbro
30%
079 Galar Slowpoke
30%
571 Hisui Zoroark
30%
570 Hisui Zorua
30%
264 Galar Linoone
29%
549 Hisui Lilligant
27%
713 Hisui Avalugg
25%
211 Hisui Qwilfish
24%
222 Galar Corsola
23%
199 Galar Slowking
23%
554 Galar Darumaka
22%
706 Hisui Goodra
22%
555 Galar Darmanitan
21%
562 Galar Yamask
18%
618 Galar Stunfisk
17%
705 Hisui Sligoo
16%
No se encontraron pruebas coincidentes
Distribución de puntuación
Porcentaje de gente con cada puntuación
Porcentaje por número respondido
Historial de tus puntuaciones
No has intentado esta prueba desde el último reinicio